Design manual for energy-efficient buildings in pakistan/ (Record no. 354075)

000 -LEADER
fixed length control field 00506nam a22001577a 4500
003 - CONTROL NUMBER IDENTIFIER
control field OSt
005 - DATE AND TIME OF LATEST TRANSACTION
control field 20180116192426.0
008 - FIXED-LENGTH DATA ELEMENTS--GENERAL INFORMATION
fixed length control field 150325t xxu||||| |||| 00| 0 eng d
040 ## - CATALOGING SOURCE
Transcribing agency 0
082 ## - DEWEY DECIMAL CLASSIFICATION NUMBER
Classification number 693.83095491
100 10 - MAIN ENTRY--PERSONAL NAME
Personal name National energy conservation centre
9 (RLIN) 8065
245 10 - TITLE STATEMENT
Title Design manual for energy-efficient buildings in pakistan/
Statement of responsibility, etc. National energy conservation centre.
260 ## - PUBLICATION, DISTRIBUTION, ETC.
Place of publication, distribution, etc. Islamabad:
Name of publisher, distributor, etc. The national energy conservation centre;
Date of publication, distribution, etc. 1990.
300 ## - PHYSICAL DESCRIPTION
Extent 324p.:
Other physical details ill;
Dimensions 30cm.
942 ## - ADDED ENTRY ELEMENTS (KOHA)
Source of classification or shelving scheme
Koha item type Book
Holdings
Withdrawn status Lost status Source of classification or shelving scheme Damaged status Not for loan Permanent Location Current Location Date acquired Total Checkouts Full call number Barcode Date last seen Copy number Cost, replacement price Price effective from Koha item type
          School of Art Design and Architecture (SADA) School of Art Design and Architecture (SADA) 03/18/2015   693.83095491 NAT 1990 SADA0002462 03/25/2015 01 625.00 03/25/2015 Book
© 2023 Central Library, National University of Sciences and Technology. All Rights Reserved.